000 00495nam a2200193Ia 4500
005 20250603145037.0
008 250603s9999 xx 000 0 und d
020 _a9781259584732
050 _aRM 300 .G66/
100 _aEdited by Laurence L. Brunton
245 0 _aGoodman & Gilman’s the pharmacological basis of therapeutics
250 _a13th ed.
260 _aNew York
260 _bMcGraw-Hill Medical
260 _c2018
300 _a1419 p
650 _aNew York
942 _cBK
999 _c40704
_d40704